Pause to wonder /

Bibliographic Details
Main Author: Fischer, Marjorie
Other Authors: Humphries, Rolfe
Format: Book
Language:English
Published: New York : J. Messner, [1944]
Subjects:

MARC

Tag First Indicator Second Indicator Subfields
LEADER 00000cam a2200000 4500
001 in00000040500
005 20151007074438.0
008 761028s1944 nyu 00011 eng
010 |a  44041881  
035 |a (OCoLC)02538170 
035 |9 AAF1534AM 
040 |a DLC  |c OHI  |d TXA  |d UtOrBLW 
049 |a TXAS  |c [1102590] 
050 0 |a PN6071.M25  |b F5 
082 0 |a 808.8 
100 1 |a Fischer, Marjorie. 
245 1 0 |a Pause to wonder /  |c edited by Marjorie Fischer and Rolfe Humphries. 
264 1 |a New York :  |b J. Messner,  |c [1944] 
264 4 |c [©1944] 
300 |a xix, 572 pages ;  |c 21 cm. 
336 |a text  |b txt  |2 rdacontent 
337 |a unmediated  |b n  |2 rdamedia 
338 |a volume  |b nc  |2 rdacarrier 
500 |a At head of title: Stories of the marvelous, mysterious and strange. 
650 0 |a Short stories. 
650 0 |a Literature  |v Collections. 
700 1 |a Humphries, Rolfe. 
999 |a MARS 
999 f f |s 0841ddcc-e6d2-3be9-9d91-6b30460dd927  |i 06571b41-065c-37d1-97f5-c54f0051bcdf  |t 0 
952 f f |p noncirc  |a Texas A&M University  |b College Station  |c Cushing Memorial Library & Archives  |d Cushing: Science Fiction (Does not check out)  |t 0  |e PN6071.M25 F5  |h Library of Congress classification  |i unmediated -- volume  |m A14800385588 
998 f f |a PN6071.M25 F5  |t 0  |l Cushing: Science Fiction (Does not check out)